ARRUPE JESUIT UNIVERSITY

CORONAVIRUS -STOP THE SPREAD - CLEAN,DISINFECT,COVER

The divided self, (Record no. 131674)

MARC details
000 -LEADER
fixed length control field 00401nam a22001337a 4500
008 - FIXED-LENGTH DATA ELEMENTS--GENERAL INFORMATION
fixed length control field 230314b |||||||| |||| 00| 0 eng d
020 ## - INTERNATIONAL STANDARD BOOK NUMBER
International Standard Book Number 0140207341.
050 ## - LIBRARY OF CONGRESS CALL NUMBER
Classification number RC465.L3 1965
100 ## - MAIN ENTRY--PERSONAL NAME
Personal name Laing.R.D.
9 (RLIN) 47180
245 ## - TITLE STATEMENT
Title The divided self,
Remainder of title an existential study in sanity and madness,
Statement of responsibility, etc R.D.Laing
260 ## - PUBLICATION, DISTRIBUTION, ETC. (IMPRINT)
Place of publication, distribution, etc New York:
Name of publisher, distributor, etc penguin Books.
Date of publication, distribution, etc 1965.
300 ## - PHYSICAL DESCRIPTION
Extent 218p;
Dimensions 18cm.
942 ## - ADDED ENTRY ELEMENTS (KOHA)
Source of classification or shelving scheme Library of Congress Classification
Item type Monograph ( Printed materials)
Holdings
Withdrawn status Lost status Source of classification or shelving scheme Damaged status Not for loan Home library Current library Date acquired Total Checkouts Full call number Barcode Date last seen Price effective from Koha item type
    Library of Congress Classification     ARRUPE LIBRARY ARRUPE LIBRARY 14/03/2023   RC465.L3 1965 46600007846 21/04/2023 14/03/2023 Monograph ( Printed materials)
    Library of Congress Classification     ARRUPE LIBRARY ARRUPE LIBRARY 14/03/2023   RC465.L3 1965   14/03/2023 14/03/2023 Monograph ( Printed materials)
    Library of Congress Classification     ARRUPE LIBRARY ARRUPE LIBRARY 14/03/2023   RC465.L3 1965   14/03/2023 14/03/2023 Monograph ( Printed materials)

 

Arrupe Library. PO Box MP320 Mt Pleasant, Harare, Zimbabwe
263 242 745411|librarian@aju.ac.zw